လင်ႇၵႃႇဝၢၵ်ႇပိုၼ်းၸဝ်ႈသြႃႇပၼ်တိတဝတ်ႉသၼ်ပႃႇၵေႃႇ၊ ဝဵင်ႈၵဵင်းႁၢႆး၊ ၸိုင်ႈထႆး (Record no. 26267)

000 -LEADER
fixed length control field 01067nam a22002297a 4500
003 - CONTROL NUMBER IDENTIFIER
control field OSt
005 - DATE AND TIME OF LATEST TRANSACTION
control field 20260124090404.0
008 - FIXED-LENGTH DATA ELEMENTS--GENERAL INFORMATION
fixed length control field 230623b ||||| |||| 00| 0 eng d
040 ## - CATALOGING SOURCE
Transcribing agency SSBU
041 ## - LANGUAGE CODE
Language code of text/sound track or separate title Shan
082 ## - DEWEY DECIMAL CLASSIFICATION NUMBER
Classification number 294.3092
100 ## - MAIN ENTRY--PERSONAL NAME
Personal name ၵၼ်ႇထမႃႇသႃႇမိ
Titles and words associated with a name ၸဝ်ႈ
245 ## - TITLE STATEMENT
Title လင်ႇၵႃႇဝၢၵ်ႇပိုၼ်းၸဝ်ႈသြႃႇပၼ်တိတဝတ်ႉသၼ်ပႃႇၵေႃႇ၊ ဝဵင်ႈၵဵင်းႁၢႆး၊ ၸိုင်ႈထႆး
Statement of responsibility, etc. ၸဝ်ႈၵၼ်ႇထမႃႇသႃႇမိ
300 ## - PHYSICAL DESCRIPTION
Extent ၸ၊ 96 ၼႃႈ
Dimensions 22 ၸိၼ်ႇထီႇ
500 ## - GENERAL NOTE
General note ပပ်ႉၸဝ်ႈတႃႇၼႁင်းၶေႃတွၵ်ႉတိူဝ်ႇၸၢႆးဢွင်ႇထုၼ်းလူႇတၢၼ်းဝႆႉ
General note S-SAT: Dr. Prof Sai Aung Tun
650 ## - SUBJECT ADDED ENTRY--TOPICAL TERM
Topical term or geographic name entry element ထေရုပ်ႉပတ်ႉတိ
Topical term or geographic name entry element ၸဝ်ႈသြႃႇပၼ်ႇတိတ
942 ## - ADDED ENTRY ELEMENTS (KOHA)
Koha item type Book (Short term)
100 ## - MAIN ENTRY--PERSONAL NAME
9 (RLIN) 26660
650 ## - SUBJECT ADDED ENTRY--TOPICAL TERM
9 (RLIN) 20943
9 (RLIN) 26661
Source of classification or shelving scheme
Source of classification or shelving scheme
Holdings
Withdrawn status Lost status Source of classification or shelving scheme Damaged status Not for loan Collection Code Permanent Location Current Location Shelving location Date acquired Total Checkouts Total Renewals Full call number Barcode Date last seen Date last checked out Copy number Price effective from Koha item type Accession
          Special Collections Shan State Buddhist University Library Shan State Buddhist University Library Special Collection Shelves 23/06/2023 2 1 294.3092 ၵၼ်ႇ ႒႓႖႕ S-SAT SH00002365 14/05/2024 10/05/2024 1 23/06/2023 Book (Short term) ႒႓႖႕ S-SAT

Library - 09407999929
Admin Office - 09407999979
Dean Office - 09250910768
Registrar Office - 09892297154
Email - [email protected]
Shan State Buddhist University, Phaya Phyu Taunggyi, Shan State, Myanmar.